| 000 | nam a22 7a 4500 | ||
|---|---|---|---|
| 999 |
_c155021 _d155019 |
||
| 005 | 20200320075646.0 | ||
| 008 | 200319b mx ||||| |||| 00| 0 spa d | ||
| 020 | _a9786077588535 | ||
| 050 | 0 | 4 |
_aPC4434 _bA53 2012 |
| 245 | 0 | 0 |
_aAnálisis del discurso : _bestrategias y propuestas de lectura / _cIrene Fenoglio Limón, Lucille Herrasti y Cordero, Augustín Rivero Franyutti (coordinadores) |
| 250 | _aPrimera edición | ||
| 260 |
_aMéxico : _bBonilla Artigas Editores ; Cuernavaca, Morelos : _bUniversidad Autónoma del Estado de Morelos, _c2012 |
||
| 300 |
_a195 páginas ; _c23 cm |
||
| 490 |
_aPública crítica ; _v4 |
||
| 504 | _aBibliografía | ||
| 650 | 7 |
_2lemb _aEspañol _xAnálisis del discurso |
|
| 650 | 7 |
_2lemb _aAnálisis del discurso |
|
| 700 | 1 |
_aFenoglio Limón, Irene Catalina, _eeditor |
|
| 700 | 1 |
_aHerrasti y Cordero, Lucille, _eeditor |
|
| 700 | 1 |
_aRivero Franyutti, Agustín, _eeditor |
|
| 942 |
_2lcc _cLIB |
||